Sector Financing in the SDG Era

Salvato in:
Dettagli Bibliografici
Natura: Libro
Lingua:inglese
Pubblicazione: Paris OECD 2018
Serie:<The> Development Dimension
Soggetti:
Tags: Aggiungi Tag
Nessun Tag, puoi essere il primo ad aggiungerne!!

MARC

LEADER 00000nam$a2200000$$$4500
001 0257491
005 20221220065843.9
020 |a 978-92-64-30770-4 
020 |a 978-92-64-30771-1 
041 0 |a eng 
044 |a FR 
245 1 0 |a Sector Financing in the SDG Era 
264 1 |a Paris  |b OECD  |c 2018 
300 |a 195 s. 
490 1 |a <The> Development Dimension 
830 0 |a <The> Development Dimension 
610 2 0 |a financovanie 
610 2 0 |a analýzy 
610 2 0 |a rozvoj trvalo udržateľný 
610 2 0 |a nástroje finančné 
610 2 0 |a zdravotníctvo 
610 2 0 |a vzdelávanie 
610 2 0 |a energetika 
610 2 0 |a poľnohospodárstvo 
610 2 0 |a porovnanie štatistické medzinárodné